| 000 | 00396nab a2200133Ia 4500 | ||
|---|---|---|---|
| 003 | ES-SlBCS | ||
| 005 | 20210601131745.0 | ||
| 008 | 140529s1935 xxu||||| |||| 00| 0 fre d | ||
| 041 | _afre | ||
| 100 | 1 |
_aRoullet, A. _9188652 |
|
| 245 | 0 | 2 |
_aA propos du Rôle social del'officier (suite) _c A. Roullet |
| 773 | 0 |
_tVie Intelectuelle (La) _gvol. 39, nº. 2, 1935, págs. 265-291 _wRev907 |
|
| 942 | _cAR | ||
| 999 |
_c568287 _d568287 |
||